000 00477nam a22001217a 4500
999 _c10234
_d10234
003 OSt
008 201218b ||||| |||| 00| 0 eng d
245 _aIETE Technical Review
250 _a2017(Jan-Feb Vol.34 No.1, Mar-Apr Vol.34 No.2, May-Jun Vol.34 No.3, Jul-Aug Vol.34 No.4, Sep-Oct Vol.34 No.5, Nov-Dec Vol.34 No.6)
260 _aNew Delhi
_bInstitution of Electronics and Telecommunication Engineers
650 _aElectronics and Communication Engineering
942 _2ddc
_cBV